Score 0/15 Timer 02:00
2 Plays Today
Question Answer Wrong Answers
God of the sea Neptune
93.1%
Pluto
1.1%
Mercury
0.7%
Bacchus
0.6%
God of love Cupid
91.2%
Jupiter
0.8%
Mercury
0.9%
Apollo
2.8%
God of wine Bacchus
91.1%
Jupiter
1.1%
Saturn
1.2%
Vulcan
2.1%
God of war Mars
90.6%
Mercury
2.1%
Saturn
1.1%
Jupiter
1.7%
Blacksmith of the gods Vulcan
90.4%
Saturn
2.8%
Jupiter
1.6%
Cupid
0.8%
King of the gods Jupiter
88.3%
Neptune
3.5%
Pluto
1.6%
Vulcan
2.3%
Goddess of love Venus
87.1%
Minerva
2.3%
Ceres
1.5%
Diana
4.8%
Messenger of the gods Mercury
84.4%
Cupid
5.2%
Saturn
2.6%
Bacchus
3.4%
God of the underworld Pluto
80.6%
Bacchus
6%
Saturn
4.7%
Mars
4.3%
God of the sun Apollo
79.4%
Jupiter
4.3%
Vulcan
5.2%
Saturn
6.7%
Goddess of wisdom Minerva
75.4%
Ceres
3.7%
Venus
4.1%
Diana
12.4%
Queen of the gods Juno
75.4%
Vesta
8.4%
Venus
8.9%
Ceres
3.1%
God of agriculture and time Saturn
71.8%
Jupiter
7.4%
Mercury
12.6%
Mars
3.6%
Goddess of the Earth Ceres
61.9%
Minerva
12.9%
Diana
16.1%
Venus
4.8%
Goddess of the moon Diana
60.2%
Ceres
11%
Minerva
8.7%
Juno
15.8%
Remove Ads.
Support Sporcle.
Get the best of Sporcle when you Go Orange. This ad-free experience offers more features, more stats, and more fun while also helping to support Sporcle. Thank you for becoming a member.

You're not logged in!

Compare scores with friends on all Sporcle quizzes.
OR
Log In

Show Comments

Extras

Top Quizzes Today


Score Distribution

Your Account Isn't Verified!

In order to create a playlist on Sporcle, you need to verify the email address you used during registration. Go to your Sporcle Settings to finish the process.

Report this User

Report this user for behavior that violates our Community Guidelines.

Details: